000
00228 a2200097 4500
001
13523
100
_a
Butto Z.A
245
_a
Foreign policy of Pakistan
260
_a
Karachi
_b
The inter services press
_c
090
_c
10527
_d
10527
942
_a
NUST-CAE
_c
M
_c
589
999
_c
248596
_d
248596